02249 a2200265 45000010006000000050017000060080041000230030015000640400040000790800104001192450022002230200018002452640051002633000032003145051362003460410008017081000019017167000024017357000027017597000032017867000022018187000021018407000023018618560099018844943520260407155758.0260407a1991 arg spa dAR-UNSa-BCEJYS aAR-UNSa-BCEJYSbspacAR-UNSa-BCEJYS a347.736xQuiebra. Insolvencia. Suspensión de pagos. Bancarrota, procedimientos. Derecho Concursal10aDerecho concursal a950-569-032-0 1aBuenos Aires :bAbaco de Rodolfo Depalmac1991 a2 v. (575 ; 480 p.)c23 cm. aVol. I: NATURALEZA, CRISIS, PRESUPUESTOS Y PROCESOS: 1. La quiebra en el marco de la protección jurisdiccional de los derechos subjetivos / Arnoldo Kleidermacher - 2. La naturaleza, las caracteristícas, las reglas generales de la quiebra / Arnoldo Kleidermacher - 3. Los presupuestos subjetivos de la quiebra / Arnoldo Kleidermacher - 4. Los presupuestos objetivos de la quibra / Héctor Alegria - 5. La declaración de quiebra / Marcelo Gebhardt - 6. Los órganos del proceso de quiebra /Diana Farhi de Montalbán - - Vol. II: EFECTOS UNIVERSALES Y ADMINISTRACIÓN DE LA QUIEBRA: ACTUALIZACIÓN DEL PRIMER TOMO: A). Los nuevos ordenamientos concursales en el Derecho comparado y en la Argentina. Ley 24.522 / Arnoldo Kleidermacher - B). Los órganos de la quiebra en el ordenamiento concursal argentino / Diana Farhi de Montalbán - C). La declaración de quiebra en la Ley 24.522 / Marcelo Gebhardt - 7. Los efectos de la quiebra para el fallo / Arnoldo Kleidermacher - 8. Los efectos de la quiebra para los acreedores / Diana Farhi de Montalbán - 9. Los efectos de la quiebra sobre los actos perjudiciales para los acreedores / Marcelo Gebhardt - 10. Los efectos de la quiebra sobre las relaciones jurídicas preexistentes / Horacio Roitman - 11. La custodia y la administración de las actividades de la quiebra / Miguel E. Rubín.  aspa1 aPajardi, Piero1 aAlegría, Héctor1 aKleidermacher, Arnoldo1 aFarhi de Montalbán, Diana1 aGebhardt, Marcelo1 aRoitman, Horacio1 aRubín, Miguel E.41uhttps://www.biblioeco.unsa.edu.ar/pmb/images/libros/L128098.jpgyImagen de portadaqimage/jpeg